| 000 | 00000nam##2200000za#4500 |
| 001 | 9.602571 |
| 003 | CaOODSP |
| 005 | 20230801131717 |
| 007 | cr ||||||||||| |
| 008 | 150406|2009||||xxc|||||o f|0| 0 fre|d |
| 040 | |aCaOODSP|bfre |
| 043 | |an-cn--- |
| 086 | 1 |aPS83-5/R213F-PDF |
| 110 | 2 |aService correctionnel Canada. |bDirection de la recherche. |
| 245 | 10|aExamen de l'efficacité du programme Tupiq : |h[ressource électronique]|bun programme pour les délinquants sexuels inuits adapté à leur culture / |cpréparé par Stewart, L. A. |
| 260 | |bService correctionnel Canada. |cOctobre 2009. |
| 300 | |a1p. |
| 490 | 1 |aRecherche en un coup d'oeil|vR213 |
| 500 | |aPour le Rapport de recherche associé, veuillez consulter le n° de catalogue PS83-3/213F-PDF. |
| 504 | |aBibliographie. |
| 590 | |a11-28-Supp|b2011-11-17 |
| 720 | 1 |aStewart, L. A |
| 775 | 08|tAn examination of the effectiveness of Tupiq : |w(CaOODSP)9.572159 |
| 830 | #0|aRecherche en un coup d'œil (Service correctionnel Canada)|vR213|w(CaOODSP)9.503037 |
| 856 | 40|ahttp://publications.gc.ca|qPDF|s94 Ko|uhttps://publications.gc.ca/collections/collection_2011/scc-csc/PS83-5-R213-fra.pdf|yR213 |